Tymek - Vestige EP - Statystyki

Ogólne statystyki
  • Ten quiz został rozwiązany 38 razy
  • Średni wynik to 5 z 7
Statystyki odpowiedzi
Numer Gość Utwór % Poprawnych
1 Kacperczyk Jeziorko
100%
2 Pawbeats Język Ciała 2020
76%
3 DJ Decks, Gverilla, Miły ATZ i Paluch 87 BPM
70%
6 Sapi Tha King Yin Yang
67%
7 Domani
64%
5 Mrok
61%
4 Busy
58%
Nie znaleziono quizów pasujących do podanych kryteriów
Rozkład punktacji
Procent ludzi z każdym wynikiem
Percentyl według liczby udzielonych odpowiedzi
Twoja historia wyników
Nie rozwiązałeś tego quizu